Jogadores que marcaram em final da Libertadores no Séc. XXI - Statistics

Estatísticas Gerais
  • Esse quiz foi jogado 25 vezes
  • A pontuação média é 18 de 73
Estatísticas das Respostas
Jogador Nac Anos % Correto
Gabriel Barbosa BRA 2019 (2x), 2021, 2022
91%
Danilo BRA 2011, 2025
68%
BRA 2013
68%
Neymar BRA 2011
68%
Riquelme ARG 2007 (3x)
68%
Germán Cano ARG 2023
59%
John Kennedy BRA 2023
59%
Alex BRA 2003
55%
Emerson Sheik BRA 2012 (2x)
55%
Fernandão BRA 2006
55%
Luan BRA 2017
50%
Advíncula PER 2023
45%
Alex Telles BRA 2024
45%
Breno Lopes BRA 2020
45%
Carlos Tévez ARG 2003
45%
Deyverson BRA 2021
45%
Luiz Henrique BRA 2024
45%
Rafael Sobis BRA 2006 (2x), 2010
45%
Raphael Veiga BRA 2021
45%
Thiago Neves BRA 2008 (4x)
45%
Júnior Santos BRA 2024
41%
Leandro Damião BRA 2010
36%
Luizão BRA 2005
36%
Romarinho BRA 2012
36%
Benedetto ARG 2018 (2x)
32%
Borja COL 2016
32%
Eduardo Vargas CHI 2024
32%
Aloísio BRA 2005
27%
Fernandinho BRA 2017
27%
Amoroso BRA 2005
23%
Borré COL 2019
23%
Guerrón EQU 2008
23%
Palacio ARG 2007
23%
Tinga BRA 2006
23%
Boselli ARG 2009
18%
Diego Tardelli BRA 2005
18%
Edcarlos BRA 2006
18%
Fabão BRA 2005
18%
Giuliano BRA 2010 (2x)
18%
Leonardo Silva BRA 2013
18%
Lucas Pratto ARG 2018 (2x)
18%
Berrío COL 2016
14%
Bolívar BRA 2010
14%
Cícero BRA 2017
14%
Henrique BRA 2009
14%
Ábila ARG 2018
9%
Carlos Sánchez URU 2015
9%
José Sand ARG 2017
9%
Martínez ARG 2018
9%
Mina EQU 2016
9%
Quintero COL 2018
9%
Urrutia EQU 2008
9%
Alario ARG 2015
5%
Funes Mori ARG 2015
5%
Gastón Fernández ARG 2009
5%
Mauro Matos ARG 2014
5%
Ortigoza PAR 2014
5%
Aílton BRA 2002 (2x)
0%
Alejandro Silva URU 2013
0%
Bieler ARG 2008
0%
Bofo Bautista MEX 2010
0%
Burdisso ARG 2004
0%
Córdoba ARG 2002
0%
Francisco Palencia MEX 2001
0%
Gaitán ARG 2001
0%
Júlio Santa Cruz PAR 2014
0%
Marcelo Delgado ARG 2001, 2003 (3x)
0%
Marco Fabián MEX 2010
0%
Omar Bravo MEX 2010
0%
Pittoni PAR 2013
0%
Richart Báez PAR 2002
0%
Roncaglia ARG 2012
0%
Schiavi ARG 2003
0%
Nenhum quiz correspondente encontrado
Distribuição das Pontuações
Porcentagem de Pessoas com Cada Pontuação
Percentil de Números Respondidos
Sua Pontuação Histórica
Você não jogou esse quiz